000 00721cam a2200229 4500
001 ABS68059
008 040716n2004 000 0 eng u
035 _a(Sirsi) u126807
100 _aGray, C.
245 4 _aThe shock of the new town
260 _c2004
490 _aInside Housing
_v21(27) 9 July 2004, 20-22(3)
520 _aExamines the regeneration programmes now being rolled out in Telford to ameliorate its legacy of failed 1960s new town planning and sees them as representative of renewal challenges across the country.
590 _aABS
590 _aABS
650 _aRENEWAL
650 _aTOWN PLANNING
650 _aTELFORD
650 _aNEW TOWNS
690 _aREGENERATION
942 _n0
999 _c117718
_d117718